|
|
|
|
| LEADER |
00958nam a2200313 4500 |
| 001 |
DLU060052469 |
| 005 |
##20060419 |
| 040 |
# |
# |
|a DLU
|b vie
|
| 041 |
# |
# |
|a vie
|
| 044 |
# |
# |
|a vn
|
| 082 |
# |
# |
|a 895.922 1
|b Ngu
|
| 245 |
# |
# |
|a Nguyễn Đình Thi - Về tác gia và tác phẩm /
|c Hà Minh Đức, Trần Khánh Thành giới thiệu và tuyển chọn
|
| 250 |
# |
# |
|a Tái bản lần thứ ba
|
| 260 |
# |
# |
|a H. :
|b Giáo dục,
|c 2003
|
| 300 |
# |
# |
|a 395 tr. ;
|c 24 cm
|
| 600 |
# |
# |
|a Nguyễn Đình Thi,
|d 1924-2003.
|
| 650 |
# |
# |
|a Văn học Việt Nam
|y Thế kỷ 20
|x Lịch sử và phê bình.
|
| 700 |
# |
# |
|a Hà Minh Đức
|e giới thiệu và tuyển chọn
|
| 700 |
# |
# |
|a Trần Khánh Thành
|e giới thiệu và tuyển chọn
|
| 923 |
# |
# |
|a 03/2006
|
| 992 |
# |
# |
|a 33.500
|
| 994 |
# |
# |
|a DLU
|
| 900 |
# |
# |
|a True
|
| 911 |
# |
# |
|a Đào Thị Thu Huyền
|
| 925 |
# |
# |
|a G
|
| 926 |
# |
# |
|a A
|
| 927 |
# |
# |
|a SH
|
| 980 |
# |
# |
|a Thư viện Trường Đại học Đà Lạt
|